Too Sweet - Hozier (All Lyrics) - Statistics

General Stats
  • This quiz has been taken 49 times
  • The average score is 243 of 321
Answer Stats
Lyrics % Correct
a
100%
I
100%
my
100%
My
100%
sweet
100%
to
100%
To
100%
too
100%
you
100%
You
100%
your
100%
an
97%
at
97%
be
97%
coffee
97%
for
97%
me
97%
take
97%
whiskey
97%
and
95%
And
95%
bed
95%
three
95%
you're
95%
You're
95%
neat
92%
black
90%
I'll
87%
in
87%
the
82%
The
82%
who
82%
It
79%
do
77%
It's
77%
it's
77%
can
74%
go
74%
then
74%
as
72%
can't
72%
I'm
72%
just
72%
so
72%
But
69%
don't
69%
Don't
69%
know
69%
say
69%
before
67%
day
67%
How
67%
tell
64%
up
64%
up,
64%
I'd
62%
If
62%
if
62%
like
62%
o'clock
62%
ten
62%
think
62%
wake
62%
word
62%
on
59%
that
59%
Baby,
56%
daylight
56%
live
56%
never
56%
of
56%
rather
56%
this
56%
wanna
56%
where
56%
from
54%
said
54%
sleep
54%
well?
54%
keep
51%
bird
49%
early
49%
get
49%
haze?
49%
now
49%
pretend
49%
sunrise
49%
while
49%
babe,
46%
babe?
46%
Babe,
46%
dark
46%
lost
46%
tellin'
46%
TSA
46%
bonfire,
44%
free
44%
gate
44%
gotta
44%
grape
44%
great
44%
Heaven's
44%
low
44%
world
44%
lake
41%
late
41%
maybe
41%
Pretty
41%
rain
41%
soft
41%
treat
41%
Until
41%
wait
41%
aim
38%
morning,
38%
mouth
38%
vine,
38%
am
36%
bright
36%
drunk
36%
forever,
36%
ground's
36%
life,
36%
phone
36%
Smellin'
36%
some,
36%
true,
36%
wants
36%
work
36%
barrel,
33%
could
33%
rest
33%
right
33%
wrong
33%
done
31%
gets
31%
Ooh,
31%
ooh
31%
along
28%
job
28%
sit
28%
worry
26%
wish
21%
Woah,
15%
woah
15%
No matching quizzes found
Score Distribution
Percent of People with Each Score
Percentile by Number Answered
Your Score History
You have not taken this quiz